000 00613nam a2200205 a 4500
005 20210223131058.0
008 090827s1998 mx r 000 0 spa d
020 _a8427221347
035 _aUPN01000172092
049 _aCG
050 4 _aGT596
_bC6.3
100 1 _aCox, Michael
245 1 0 _aEsa facinante moda /
_cMichael Cox ; il. de Philip Reeve ; tr. Conchita Peraire del Molino.
260 _aBarcelona, Esp. :
_bMolino,
_c1998.
300 _a160 p. :
_bil.
440 0 _aEsa gran cultura ;
_v4
534 _pTĂ­tulo original:
_tSmashin´ fashion
650 4 _aMODA -
_xHISTORIA
_913285
905 _aLibro
999 _c144196
_d144196